[Event "World Youth & Cadets Blitz Championships"]
[Site "Rhodes, Greece"]
[Date "2022.05.03"]
[Round "2.18"]
[White "Tadic, Jure"]
[Black "Karvatskyi, Oleksii"]
[Result "0-1"]
[TimeControl "5'/game & 2\"/move"]
[WhiteElo "1453"]
[BlackElo "1902"]

1. e4 {[%clk 00:05:02]} {[%emt 00:00:01]} c5 {[%clk 00:05:03]} {[%emt
00:00:01]} 2. Nf3 {[%clk 00:05:02]} {[%emt 00:00:01]} Nc6 {[%clk 00:05:04]}
{[%emt 00:00:02]} 3. d4 {[%clk 00:05:03]} {[%emt 00:00:01]} cxd4 {[%clk
00:05:06]} 4. Nxd4 {[%clk 00:05:04]} {[%emt 00:00:01]} e5 {[%clk 00:05:07]}
{[%emt 00:00:01]} 5. Nf3 {[%clk 00:04:36]} {[%emt 00:00:30]} Nf6 {[%clk
00:04:58]} {[%emt 00:00:10]} 6. Nc3 {[%clk 00:04:33]} {[%emt 00:00:05]} Bb4
{[%clk 00:04:57]} {[%emt 00:00:03]} 7. Bd3 {[%clk 00:04:16]} {[%emt 00:00:19]}
d5 {[%clk 00:04:52]} {[%emt 00:00:08]} 8. exd5 {[%clk 00:03:56]} {[%emt
00:00:22]} Nxd5 {[%clk 00:03:51]} {[%emt 00:01:03]} 9. Bd2 {[%clk 00:03:46]}
{[%emt 00:00:11]} Nxc3 {[%clk 00:03:44]} {[%emt 00:00:09]} 10. Bxc3 {[%emt
00:00:09]} Bxc3+ {[%clk 00:03:43]} {[%emt 00:00:02]} 11. bxc3 {[%clk 00:03:41]}
{[%emt 00:00:02]} O-O {[%clk 00:03:36]} {[%emt 00:00:08]} 12. O-O {[%clk
00:03:39]} {[%emt 00:00:03]} Bg4 {[%clk 00:03:27]} {[%emt 00:00:12]} 13. Be2
{[%clk 00:02:38]} {[%emt 00:01:03]} Qa5 {[%clk 00:02:56]} {[%emt 00:00:33]} 14.
Qd3 {[%clk 00:01:35]} {[%emt 00:01:05]} Rad8 {[%clk 00:01:31]} {[%emt
00:01:27]} 15. Qe3 {[%clk 00:01:05]} {[%emt 00:00:33]} Rfe8 {[%clk 00:00:50]}
{[%emt 00:00:42]} 16. h3 {[%clk 00:00:55]} {[%emt 00:00:12]} Bf5 {[%clk
00:00:51]} {[%emt 00:00:02]} 17. Ne1 {[%clk 00:00:37]} {[%emt 00:00:19]} Bg6
{[%clk 00:00:44]} {[%emt 00:00:08]} 18. Bf3 {[%clk 00:00:09]} {[%emt 00:00:31]}
e4 {[%clk 00:00:36]} {[%emt 00:00:10]} 19. Be2 {[%clk 00:00:10]} Qe5 {[%clk
00:00:26]} {[%emt 00:00:12]} 20. Bc4 {[%clk 00:00:06]} {[%emt 00:00:06]} Kh8
{[%clk 00:00:20]} {[%emt 00:00:07]} 21. Bb3 {[%clk 00:00:05]} {[%emt 00:00:04]}
f5 {[%clk 00:00:20]} {[%emt 00:00:02]} 22. g3 {[%clk 00:00:06]} {[%emt
00:00:02]} a5 {[%clk 00:00:16]} {[%emt 00:00:06]} 23. a4 {[%clk 00:00:06]}
{[%emt 00:00:02]} Ne7 {[%clk 00:00:16]} {[%emt 00:00:02]} 24. Ng2 {[%clk
00:00:06]} {[%emt 00:00:02]} Rc8 {[%clk 00:00:16]} {[%emt 00:00:02]} 25. c4
{[%clk 00:00:04]} {[%emt 00:00:04]} Rc5 {[%clk 00:00:15]} {[%emt 00:00:03]} 26.
Nf4 {[%clk 00:00:04]} {[%emt 00:00:01]} Bf7 {[%clk 00:00:11]} {[%emt 00:00:06]}
27. c3 {[%clk 00:00:04]} {[%emt 00:00:03]} b6 {[%clk 00:00:07]} {[%emt
00:00:05]} 28. Rac1 {[%clk 00:00:04]} {[%emt 00:00:02]} Nc6 {[%clk 00:00:07]}
{[%emt 00:00:01]} 29. Rfd1 {[%clk 00:00:04]} {[%emt 00:00:03]} Nb8 {[%clk
00:00:07]} {[%emt 00:00:02]} 30. Rc2 {[%clk 00:00:04]} {[%emt 00:00:02]} Na6
{[%clk 00:00:08]} {[%emt 00:00:01]} 31. Rdd2 {[%clk 00:00:04]} {[%emt
00:00:02]} Rc6 {[%clk 00:00:09]} {[%emt 00:00:02]} 32. Nd5 {[%clk 00:00:04]}
{[%emt 00:00:02]} Nc5 {[%clk 00:00:09]} {[%emt 00:00:01]} 33. Ba2 {[%clk
00:00:03]} {[%emt 00:00:03]} Nxa4 {[%clk 00:00:09]} {[%emt 00:00:02]} 34. Bb3
{[%clk 00:00:04]} {[%emt 00:00:02]} Nc5 {[%clk 00:00:10]} {[%emt 00:00:01]} 35.
Ba2 {[%clk 00:00:06]} Bxd5 {[%clk 00:00:07]} {[%emt 00:00:05]} 36. Rxd5 {[%clk
00:00:07]} Qe6 {[%clk 00:00:08]} {[%emt 00:00:01]} 37. Qd2 {[%clk 00:00:07]}
{[%emt 00:00:02]} Nd3 {[%clk 00:00:08]} {[%emt 00:00:02]} 38. c5 {[%clk
00:00:06]} {[%emt 00:00:03]} Rxc5 {[%clk 00:00:07]} {[%emt 00:00:03]} 39. Rxc5
{[%clk 00:00:06]} {[%emt 00:00:02]} Qe7 {[%clk 00:00:06]} {[%emt 00:00:03]} 40.
Rd5 {[%clk 00:00:05]} {[%emt 00:00:03]} f4 {[%clk 00:00:05]} {[%emt 00:00:02]}
41. g4 {[%clk 00:00:04]} {[%emt 00:00:03]} Nc5 {[%clk 00:00:04]} {[%emt
00:00:04]} 42. c4 {[%clk 00:00:04]} {[%emt 00:00:01]} e3 {[%clk 00:00:05]} 43.
fxe3 fxe3 {[%clk 00:00:06]} 44. Qe2 {[%clk 00:00:04]} {[%emt 00:00:02]} Qc7
{[%clk 00:00:06]} {[%emt 00:00:02]} 45. Qg2 {[%clk 00:00:03]} {[%emt 00:00:05]}
0-1

[Event "World Youth & Cadets Blitz Championships"]
[Site "Rhodes, Greece"]
[Date "2022.05.03"]
[Round "2.19"]
[White "Erdogmus, Yagiz Kaan"]
[Black "Yu, Rock"]
[Result "1-0"]
[TimeControl "5'/game & 2\"/move"]
[WhiteElo "1813"]
[BlackElo "1488"]

1. e4 {[%clk 00:05:03]} Nf6 {[%clk 00:05:03]} {[%emt 00:00:01]} 2. e5 {[%clk
00:05:02]} {[%emt 00:00:04]} Nd5 {[%clk 00:05:04]} 3. d4 {[%clk 00:05:03]}
{[%emt 00:00:01]} d6 {[%clk 00:05:05]} {[%emt 00:00:01]} 4. c4 {[%clk
00:05:03]} {[%emt 00:00:01]} Nb6 {[%clk 00:05:06]} {[%emt 00:00:01]} 5. exd6
{[%clk 00:05:03]} {[%emt 00:00:02]} cxd6 {[%clk 00:05:07]} {[%emt 00:00:01]} 6.
Nc3 {[%clk 00:04:58]} {[%emt 00:00:07]} g6 {[%clk 00:05:08]} 7. Be3 {[%clk
00:04:58]} {[%emt 00:00:02]} Bg7 {[%clk 00:05:09]} 8. Rc1 {[%clk 00:04:52]}
{[%emt 00:00:08]} O-O {[%clk 00:04:53]} {[%emt 00:00:18]} 9. b3 {[%clk
00:04:53]} {[%emt 00:00:01]} N8d7 {[%clk 00:04:33]} {[%emt 00:00:23]} 10. c5
{[%clk 00:04:43]} {[%emt 00:00:12]} dxc5 {[%clk 00:04:29]} {[%emt 00:00:05]} 11.
dxc5 {[%clk 00:04:44]} {[%emt 00:00:01]} Qc7 {[%clk 00:04:19]} {[%emt
00:00:12]} 12. cxb6 {[%clk 00:04:39]} {[%emt 00:00:07]} Bxc3+ {[%clk 00:04:18]}
{[%emt 00:00:03]} 13. Ke2 {[%clk 00:04:10]} {[%emt 00:00:31]} axb6 {[%clk
00:04:00]} {[%emt 00:00:20]} 14. Qc2 {[%clk 00:04:02]} {[%emt 00:00:11]} Be5
{[%clk 00:03:06]} {[%emt 00:00:56]} 15. Qxc7 {[%clk 00:04:02]} {[%emt
00:00:02]} Bxc7 {[%clk 00:03:06]} {[%emt 00:00:01]} 16. Rxc7 {[%clk 00:04:01]}
{[%emt 00:00:04]} Rxa2+ {[%clk 00:03:06]} {[%emt 00:00:01]} 17. Kf3 {[%clk
00:03:37]} {[%emt 00:00:26]} Rb2 {[%clk 00:02:48]} {[%emt 00:00:21]} 18. Bc4
{[%clk 00:03:12]} {[%emt 00:00:26]} Ne5+ {[%clk 00:02:48]} {[%emt 00:00:02]} 19.
Kg3 {[%clk 00:03:12]} {[%emt 00:00:02]} Nxc4 {[%clk 00:02:42]} {[%emt
00:00:08]} 20. bxc4 {[%clk 00:03:13]} e5 {[%clk 00:02:37]} {[%emt 00:00:08]} 21.
Nf3 {[%clk 00:02:46]} {[%emt 00:00:29]} f6 {[%clk 00:02:29]} {[%emt 00:00:09]}
22. Bh6 {[%clk 00:02:43]} {[%emt 00:00:04]} Re8 {[%clk 00:02:23]} {[%emt
00:00:09]} 23. Ra1 {[%clk 00:01:59]} {[%emt 00:00:46]} Be6 {[%clk 00:01:57]}
{[%emt 00:00:29]} 24. Ra7 {[%clk 00:01:46]} {[%emt 00:00:15]} Rb8 {[%clk
00:01:43]} {[%emt 00:00:15]} 25. Rg7+ {[%clk 00:01:39]} {[%emt 00:00:09]} Kh8
{[%clk 00:01:44]} {[%emt 00:00:02]} 26. Rgxb7 {[%clk 00:01:38]} {[%emt
00:00:03]} Rxb7 {[%clk 00:01:42]} {[%emt 00:00:03]} 27. Rxb7 {[%clk 00:01:38]}
{[%emt 00:00:02]} Bxc4 {[%clk 00:01:43]} {[%emt 00:00:01]} 28. Bg7+ {[%clk
00:01:39]} {[%emt 00:00:02]} Kg8 {[%clk 00:01:41]} {[%emt 00:00:04]} 29. Bxf6
{[%clk 00:01:39]} {[%emt 00:00:02]} e4 {[%clk 00:01:42]} {[%emt 00:00:01]} 30.
Ng5 {[%clk 00:01:30]} {[%emt 00:00:10]} Rb3+ {[%clk 00:01:38]} {[%emt
00:00:06]} 31. Kh4 {[%clk 00:01:23]} {[%emt 00:00:10]} h6 {[%clk 00:01:29]}
{[%emt 00:00:11]} 32. Rb8# {[%clk 00:01:23]} {[%emt 00:00:02]} 1-0

[Event "World Youth & Cadets Blitz Championships"]
[Site "Rhodes, Greece"]
[Date "2022.05.03"]
[Round "2.20"]
[White "Zhauynbay, Aldiyar"]
[Black "Patel, Zain"]
[Result "1-0"]
[TimeControl "5'/game & 2\"/move"]
[WhiteElo "1434"]
[BlackElo "1746"]

1. d4 {[%clk 00:05:02]} {[%emt 00:00:02]} d5 {[%clk 00:05:02]} {[%emt
00:00:03]} 2. c4 {[%clk 00:05:00]} {[%emt 00:00:04]} c6 {[%clk 00:05:03]}
{[%emt 00:00:01]} 3. Nf3 {[%clk 00:04:59]} {[%emt 00:00:02]} Nf6 {[%clk
00:05:04]} {[%emt 00:00:01]} 4. g3 {[%clk 00:05:00]} {[%emt 00:00:01]} Bf5
{[%clk 00:05:02]} {[%emt 00:00:04]} 5. Bg2 {[%clk 00:05:01]} {[%emt 00:00:02]}
e6 {[%clk 00:05:01]} {[%emt 00:00:02]} 6. O-O {[%clk 00:05:00]} {[%emt
00:00:02]} Be7 {[%clk 00:05:02]} {[%emt 00:00:02]} 7. Nc3 {[%clk 00:05:00]}
{[%emt 00:00:01]} O-O {[%clk 00:05:02]} {[%emt 00:00:02]} 8. Qb3 {[%clk
00:04:55]} {[%emt 00:00:07]} Qb6 {[%clk 00:05:01]} {[%emt 00:00:03]} 9. c5
{[%clk 00:04:56]} {[%emt 00:00:02]} Qxb3 {[%clk 00:05:00]} {[%emt 00:00:03]} 10.
axb3 {[%emt 00:00:26]} Nbd7 {[%clk 00:04:37]} 11. Bf4 {[%clk 00:04:55]} {[%emt
00:00:04]} b6 {[%clk 00:04:32]} {[%emt 00:00:07]} 12. b4 {[%clk 00:04:55]}
{[%emt 00:00:02]} b5 {[%clk 00:04:24]} {[%emt 00:00:10]} 13. Ra6 {[%emt
00:00:16]} Rfc8 {[%clk 00:04:16]} 14. Rfa1 {[%clk 00:04:51]} {[%emt 00:00:01]}
Nh5 {[%clk 00:03:39]} {[%emt 00:00:40]} 15. Rxa7 {[%clk 00:04:49]} {[%emt
00:00:03]} Rxa7 {[%clk 00:03:38]} {[%emt 00:00:03]} 16. Rxa7 {[%clk 00:04:50]}
Nxf4 {[%clk 00:03:31]} {[%emt 00:00:09]} 17. gxf4 {[%clk 00:04:48]} {[%emt
00:00:04]} Rd8 {[%clk 00:02:47]} {[%emt 00:00:47]} 18. Rc7 {[%clk 00:04:32]}
{[%emt 00:00:16]} Kf8 {[%clk 00:02:46]} {[%emt 00:00:04]} 19. Rxc6 {[%clk
00:04:30]} {[%emt 00:00:04]} Ra8 {[%clk 00:02:46]} 20. h3 {[%clk 00:04:29]}
{[%emt 00:00:04]} Rb8 {[%clk 00:02:08]} {[%emt 00:00:41]} 21. Ra6 {[%clk
00:04:29]} Nf6 {[%clk 00:02:05]} {[%emt 00:00:05]} 22. Ra5 {[%clk 00:04:27]}
{[%emt 00:00:04]} Nh5 {[%clk 00:01:50]} {[%emt 00:00:16]} 23. e3 {[%clk
00:04:18]} {[%emt 00:00:12]} Bd3 {[%clk 00:01:51]} 24. Ne5 {[%clk 00:04:19]}
{[%emt 00:00:01]} Rb7 {[%clk 00:00:56]} {[%emt 00:00:57]} 25. Ra8+ {[%clk
00:04:10]} {[%emt 00:00:11]} Bd8 {[%clk 00:00:56]} {[%emt 00:00:01]} 26. Nxd3
{[%clk 00:04:00]} {[%emt 00:00:12]} Ke7 {[%clk 00:00:54]} {[%emt 00:00:04]} 27.
Ne5 {[%clk 00:04:00]} {[%emt 00:00:02]} Rc7 {[%clk 00:00:50]} {[%emt 00:00:06]}
28. Nxb5 {[%clk 00:03:58]} {[%emt 00:00:04]} 1-0

[Event "World Youth & Cadets Blitz Championships"]
[Site "Rhodes, Greece"]
[Date "2022.05.03"]
[Round "2.21"]
[White "Jalving, August"]
[Black "Teng, David"]
[Result "1-0"]
[TimeControl "5'/game & 2\"/move"]
[WhiteElo "1908"]
[BlackElo "1423"]

1. e4 {[%clk 00:05:03]} {[%emt 00:00:38]} c5 {[%clk 00:05:03]} {[%emt
00:00:02]} 2. Nf3 {[%clk 00:05:02]} {[%emt 00:00:02]} e6 {[%clk 00:05:04]}
{[%emt 00:00:02]} 3. d4 {[%clk 00:05:02]} {[%emt 00:00:02]} cxd4 {[%clk
00:05:05]} 4. Nxd4 {[%clk 00:05:02]} {[%emt 00:00:02]} a6 {[%clk 00:05:06]}
{[%emt 00:00:02]} 5. Nc3 {[%clk 00:04:57]} {[%emt 00:00:07]} Qc7 {[%clk
00:05:06]} {[%emt 00:00:01]} 6. Be3 {[%clk 00:04:49]} {[%emt 00:00:10]} Bb4
{[%clk 00:05:07]} 7. Bd2 {[%clk 00:04:15]} {[%emt 00:00:37]} Nf6 {[%clk
00:05:04]} {[%emt 00:00:04]} 8. Bd3 {[%clk 00:04:15]} {[%emt 00:00:03]} Nc6
{[%clk 00:04:59]} {[%emt 00:00:07]} 9. Nxc6 {[%clk 00:03:59]} {[%emt 00:00:17]}
bxc6 {[%clk 00:04:59]} {[%emt 00:00:03]} 10. O-O {[%clk 00:03:59]} {[%emt
00:00:02]} O-O {[%clk 00:04:47]} {[%emt 00:00:12]} 11. a3 {[%clk 00:04:00]}
{[%emt 00:00:03]} Be7 {[%clk 00:04:44]} {[%emt 00:00:04]} 12. Kh1 {[%clk
00:03:38]} {[%emt 00:00:24]} d5 {[%clk 00:04:39]} {[%emt 00:00:07]} 13. f4
{[%clk 00:03:39]} {[%emt 00:00:02]} dxe4 {[%clk 00:04:34]} {[%emt 00:00:07]} 14.
Nxe4 {[%clk 00:03:39]} {[%emt 00:00:02]} Nxe4 {[%clk 00:04:30]} {[%emt
00:00:06]} 15. Bxe4 {[%clk 00:03:39]} {[%emt 00:00:02]} Bb7 {[%clk 00:04:31]}
{[%emt 00:00:02]} 16. Rf3 {[%clk 00:03:32]} {[%emt 00:00:09]} Rfd8 {[%clk
00:04:19]} {[%emt 00:00:13]} 17. Bxh7+ {[%clk 00:03:24]} {[%emt 00:00:10]} Kxh7
{[%clk 00:04:07]} {[%emt 00:00:14]} 18. Rh3+ {[%clk 00:03:25]} {[%emt
00:00:01]} Kg8 {[%clk 00:04:07]} {[%emt 00:00:02]} 19. Qh5 {[%clk 00:03:26]}
{[%emt 00:00:01]} f6 {[%clk 00:03:58]} {[%emt 00:00:10]} 20. Qh7+ {[%clk
00:02:31]} {[%emt 00:00:58]} Kf7 {[%clk 00:03:49]} {[%emt 00:00:11]} 21. Rg3
{[%clk 00:02:11]} {[%emt 00:00:22]} Rg8 {[%clk 00:03:44]} {[%emt 00:00:07]} 22.
f5 {[%clk 00:02:10]} {[%emt 00:00:03]} exf5 {[%clk 00:03:32]} {[%emt 00:00:14]}
23. Bh6 {[%clk 00:02:08]} {[%emt 00:00:04]} Bf8 {[%clk 00:03:17]} {[%emt
00:00:17]} 24. Re1 {[%clk 00:02:00]} {[%emt 00:00:10]} Rd8 {[%clk 00:03:06]}
{[%emt 00:00:13]} 25. Qg6# {[%clk 00:02:01]} 1-0

[Event "World Youth & Cadets Blitz Championships"]
[Site "Rhodes, Greece"]
[Date "2022.05.03"]
[Round "2.22"]
[White "Korchevskyi, Volodymyr"]
[Black "Negrean, Andrei"]
[Result "0-1"]
[TimeControl "5'/game & 2\"/move"]
[WhiteElo "1399"]
[BlackElo "1862"]

1. e4 {[%clk 00:05:02]} {[%emt 00:00:02]} c5 {[%clk 00:05:03]} 2. c3 {[%clk
00:05:03]} d5 {[%clk 00:05:04]} {[%emt 00:00:02]} 3. exd5 {[%clk 00:05:03]}
{[%emt 00:00:02]} Qxd5 {[%clk 00:05:05]} {[%emt 00:00:01]} 4. d4 {[%clk
00:05:03]} {[%emt 00:00:02]} e6 {[%clk 00:05:06]} 5. Nf3 {[%clk 00:05:04]}
{[%emt 00:00:01]} Nc6 {[%clk 00:05:08]} 6. Bd3 {[%clk 00:05:00]} {[%emt
00:00:06]} Nf6 {[%clk 00:05:06]} {[%emt 00:00:05]} 7. O-O {[%clk 00:05:00]}
{[%emt 00:00:02]} Be7 {[%clk 00:05:06]} {[%emt 00:00:01]} 8. Bc2 {[%clk
00:05:01]} {[%emt 00:00:02]} O-O {[%clk 00:04:58]} {[%emt 00:00:09]} 9. Bg5
{[%clk 00:05:01]} {[%emt 00:00:02]} Rd8 {[%clk 00:04:44]} {[%emt 00:00:17]} 10.
Qd3 {[%clk 00:05:01]} {[%emt 00:00:02]} g6 {[%clk 00:04:28]} {[%emt 00:00:17]}
11. Bb3 {[%clk 00:04:53]} {[%emt 00:00:10]} Qd6 {[%clk 00:04:19]} {[%emt
00:00:12]} 12. Rd1 {[%clk 00:04:52]} {[%emt 00:00:03]} cxd4 {[%clk 00:04:07]}
{[%emt 00:00:13]} 13. cxd4 {[%clk 00:04:52]} {[%emt 00:00:02]} Nd5 {[%clk
00:04:05]} {[%emt 00:00:05]} 14. Bxe7 {[%clk 00:04:51]} {[%emt 00:00:03]} Ncxe7
{[%clk 00:04:05]} {[%emt 00:00:02]} 15. Ne5 {[%clk 00:04:45]} {[%emt 00:00:07]}
Nc6 {[%clk 00:03:43]} {[%emt 00:00:24]} 16. Nxc6 {[%clk 00:04:29]} {[%emt
00:00:18]} Qxc6 {[%clk 00:03:42]} {[%emt 00:00:04]} 17. Nc3 {[%clk 00:04:29]}
{[%emt 00:00:01]} Nf4 {[%clk 00:03:20]} {[%emt 00:00:24]} 18. Qg3 {[%clk
00:04:15]} {[%emt 00:00:14]} Qxc3 {[%clk 00:02:55]} {[%emt 00:00:30]} 19. Qxc3
{[%clk 00:04:15]} {[%emt 00:00:02]} Ne2+ {[%clk 00:02:56]} 20. Kf1 {[%clk
00:04:15]} {[%emt 00:00:02]} Nxc3 {[%clk 00:02:56]} {[%emt 00:00:02]} 21. bxc3
{[%clk 00:04:16]} {[%emt 00:00:01]} b6 {[%clk 00:02:51]} {[%emt 00:00:07]} 22.
d5 {[%clk 00:04:11]} {[%emt 00:00:06]} Ba6+ {[%clk 00:02:50]} {[%emt 00:00:03]}
23. Kg1 {[%clk 00:04:07]} {[%emt 00:00:06]} exd5 {[%clk 00:02:49]} {[%emt
00:00:04]} 24. Bxd5 {[%clk 00:03:59]} {[%emt 00:00:09]} Rac8 {[%clk 00:02:49]}
{[%emt 00:00:03]} 25. f3 {[%clk 00:03:51]} {[%emt 00:00:10]} Kg7 {[%clk
00:02:46]} {[%emt 00:00:05]} 26. Rac1 {[%clk 00:03:50]} {[%emt 00:00:03]} Bc4
{[%clk 00:02:39]} {[%emt 00:00:10]} 27. Bxc4 {[%clk 00:03:43]} {[%emt
00:00:09]} Rxd1+ {[%clk 00:02:40]} {[%emt 00:00:02]} 28. Rxd1 {[%clk 00:03:43]}
Rxc4 {[%clk 00:02:41]} 29. Rd3 {[%clk 00:03:43]} {[%emt 00:00:02]} Ra4 {[%clk
00:02:36]} {[%emt 00:00:07]} 30. Rd2 {[%clk 00:03:43]} Rc4 {[%clk 00:02:35]}
{[%emt 00:00:04]} 31. Rd3 {[%clk 00:03:44]} b5 {[%clk 00:02:08]} {[%emt
00:00:29]} 32. Kf1 {[%clk 00:03:32]} {[%emt 00:00:14]} Kf6 {[%clk 00:02:06]}
{[%emt 00:00:04]} 33. Ke2 {[%clk 00:03:33]} {[%emt 00:00:02]} h5 {[%clk
00:01:52]} {[%emt 00:00:16]} 34. Kd2 {[%clk 00:03:28]} {[%emt 00:00:05]} Ra4
{[%clk 00:01:52]} {[%emt 00:00:03]} 35. Ke3 {[%clk 00:02:56]} {[%emt 00:00:34]}
Rxa2 {[%clk 00:01:52]} {[%emt 00:00:03]} 36. Rd2 {[%clk 00:02:53]} {[%emt
00:00:05]} Rxd2 {[%clk 00:01:52]} {[%emt 00:00:02]} 37. Kxd2 {[%clk 00:02:53]}
{[%emt 00:00:02]} Ke5 {[%clk 00:01:50]} {[%emt 00:00:04]} 38. Kc2 {[%clk
00:02:54]} {[%emt 00:00:01]} Kd5 {[%clk 00:01:23]} {[%emt 00:00:28]} 39. Kb3
{[%clk 00:02:53]} {[%emt 00:00:04]} a5 {[%clk 00:01:23]} {[%emt 00:00:02]} 40.
g3 {[%clk 00:02:40]} {[%emt 00:00:15]} f5 {[%clk 00:01:15]} {[%emt 00:00:09]}
41. h4 {[%clk 00:02:33]} {[%emt 00:00:09]} Ke5 {[%clk 00:01:07]} {[%emt
00:00:10]} 42. Kc2 {[%clk 00:02:23]} {[%emt 00:00:14]} f4 {[%clk 00:00:41]}
{[%emt 00:00:27]} 43. g4 {[%clk 00:02:19]} {[%emt 00:00:05]} hxg4 {[%clk
00:00:37]} {[%emt 00:00:06]} 44. fxg4 {[%clk 00:02:20]} {[%emt 00:00:01]} a4
{[%clk 00:00:35]} {[%emt 00:00:05]} 45. Kb2 {[%clk 00:02:20]} {[%emt 00:00:02]}
f3 {[%clk 00:00:36]} {[%emt 00:00:02]} 46. h5 {[%clk 00:02:18]} {[%emt
00:00:03]} f2 {[%clk 00:00:33]} {[%emt 00:00:04]} 47. h6 {[%clk 00:02:18]}
{[%emt 00:00:02]} f1=Q {[%clk 00:05:02]} {[%emt 00:00:12]} 0-1

[Event "World Youth & Cadets Blitz Championships"]
[Site "Rhodes, Greece"]
[Date "2022.05.03"]
[Round "2.23"]
[White "Mansurov, Yusuf"]
[Black "Pawlicz, Filip"]
[Result "0-1"]
[TimeControl "5'/game & 2\"/move"]
[WhiteElo "1848"]
[BlackElo "1385"]

1. e4 {[%clk 00:05:03]} c5 {[%clk 00:05:03]} {[%emt 00:00:02]} 2. c3 {[%clk
00:05:04]} d5 {[%clk 00:05:00]} {[%emt 00:00:05]} 3. exd5 {[%clk 00:05:04]}
{[%emt 00:00:01]} Qxd5 {[%clk 00:05:00]} {[%emt 00:00:03]} 4. d4 {[%clk
00:05:05]} Nf6 {[%clk 00:04:47]} {[%emt 00:00:14]} 5. Nf3 {[%clk 00:05:06]}
{[%emt 00:00:02]} Bg4 {[%clk 00:04:47]} {[%emt 00:00:02]} 6. Be2 {[%clk
00:05:05]} {[%emt 00:00:03]} e6 {[%clk 00:04:33]} {[%emt 00:00:16]} 7. O-O
{[%clk 00:04:57]} {[%emt 00:00:10]} Nc6 {[%clk 00:04:27]} 8. Na3 {[%clk
00:04:36]} {[%emt 00:00:31]} cxd4 {[%clk 00:04:19]} 9. Nb5 {[%clk 00:04:35]}
{[%emt 00:00:13]} Qd7 {[%clk 00:03:51]} 10. Nbxd4 {[%clk 00:04:22]} {[%emt
00:00:45]} Nxd4 {[%clk 00:03:44]} {[%emt 00:00:09]} 11. Nxd4 {[%clk 00:04:20]}
{[%emt 00:00:04]} Bxe2 {[%clk 00:03:43]} {[%emt 00:00:03]} 12. Qxe2 {[%clk
00:04:20]} {[%emt 00:00:02]} Bc5 {[%clk 00:03:42]} {[%emt 00:00:03]} 13. Rd1
{[%clk 00:04:14]} {[%emt 00:00:07]} O-O {[%clk 00:03:20]} {[%emt 00:00:25]} 14.
Bg5 {[%clk 00:03:40]} {[%emt 00:00:36]} Nd5 {[%clk 00:02:44]} {[%emt 00:00:38]}
15. Nb3 {[%clk 00:02:48]} {[%emt 00:00:55]} Qc7 {[%clk 00:02:30]} {[%emt
00:00:15]} 16. c4 {[%clk 00:02:32]} {[%emt 00:00:18]} Ne7 {[%emt 00:00:07]} 17.
Nxc5 {[%clk 00:02:17]} {[%emt 00:00:16]} Qxc5 {[%clk 00:02:25]} {[%emt
00:00:02]} 18. b4 {[%clk 00:02:08]} {[%emt 00:00:12]} Qxg5 {[%clk 00:02:24]}
{[%emt 00:00:03]} 19. Rd7 {[%clk 00:02:04]} {[%emt 00:00:06]} b6 {[%clk
00:02:11]} {[%emt 00:00:15]} 20. Rad1 {[%clk 00:01:56]} {[%emt 00:00:10]} Ng6
{[%clk 00:01:56]} {[%emt 00:00:17]} 21. Qe4 {[%clk 00:01:26]} {[%emt 00:00:32]}
Qe5 {[%clk 00:01:22]} {[%emt 00:00:35]} 22. Qb7 {[%clk 00:01:18]} {[%emt
00:00:10]} Qb8 {[%clk 00:01:07]} {[%emt 00:00:17]} 23. Qa6 {[%clk 00:01:07]}
{[%emt 00:00:14]} Qc8 {[%clk 00:01:02]} {[%emt 00:00:06]} 24. Qb5 {[%clk
00:01:03]} {[%emt 00:00:06]} h6 {[%clk 00:00:44]} {[%emt 00:00:20]} 25. c5
{[%clk 00:00:58]} {[%emt 00:00:08]} bxc5 {[%clk 00:00:41]} {[%emt 00:00:05]} 26.
bxc5 {[%clk 00:00:58]} {[%emt 00:00:01]} Rb8 {[%clk 00:00:42]} {[%emt
00:00:01]} 27. Qa5 {[%clk 00:00:53]} {[%emt 00:00:07]} a6 {[%clk 00:00:39]}
{[%emt 00:00:06]} 28. h3 {[%clk 00:00:48]} {[%emt 00:00:07]} Rb5 {[%clk
00:00:30]} {[%emt 00:00:10]} 29. Qd2 {[%clk 00:00:29]} {[%emt 00:00:21]} Qxc5
{[%clk 00:00:14]} {[%emt 00:00:18]} 30. Rc1 {[%clk 00:00:27]} {[%emt 00:00:04]}
Qg5 {[%clk 00:00:14]} {[%emt 00:00:03]} 31. Qxg5 {[%clk 00:00:18]} {[%emt
00:00:10]} hxg5 {[%clk 00:00:14]} {[%emt 00:00:02]} 32. Rd6 {[%clk 00:00:17]}
{[%emt 00:00:03]} a5 {[%clk 00:00:15]} 33. Ra6 {[%clk 00:00:16]} {[%emt
00:00:03]} Nf4 {[%clk 00:00:16]} {[%emt 00:00:01]} 34. Kh2 {[%clk 00:00:14]}
{[%emt 00:00:04]} Rfb8 {[%clk 00:00:16]} {[%emt 00:00:02]} 35. a4 {[%clk
00:00:13]} {[%emt 00:00:03]} Rd5 {[%clk 00:00:16]} {[%emt 00:00:02]} 36. Rxa5
{[%clk 00:00:12]} {[%emt 00:00:03]} Rxa5 {[%emt 00:00:14]} 0-1